Thermal induction effects on HTLV-I envelope protein synthesis in recombinant Escherichia coli /
Saved in:
| Main Author: | |
|---|---|
| Format: | Thesis Book |
| Language: | English |
| Published: |
1996.
|
| Subjects: | |
| Tags: |
Add Tag
No Tags, Be the first to tag this record!
|
| LEADER | 00781cam a2200229 a 4500 | ||
|---|---|---|---|
| 001 | u406016 | ||
| 003 | SIRSI | ||
| 008 | 970102s1996 si v 00 1 eng m | ||
| 035 | |a ACB-9580 | ||
| 040 | |a UMM | ||
| 090 | |a QH470 |b E8Lim | ||
| 100 | 1 | 0 | |a Lim, Kheng Huat. |
| 245 | 1 | 0 | |a Thermal induction effects on HTLV-I envelope protein synthesis in recombinant Escherichia coli / |c by Lim Kheng Huat. |
| 260 | |c 1996. | ||
| 300 | |a xi, 109 leaves : |b ill. ; |c 30 cm. | ||
| 502 | |a Dissertation (M.Eng.) -- National University of Singapore, 1996. | ||
| 504 | |a Bibliography: leaves 82-109. | ||
| 650 | 0 | |a Escherichia coli. | |
| 650 | 0 | |a Heat shock proteins |x Synthesis | |
| 948 | |a 02/01/1997 |b 25/11/2000 | ||
| 596 | |a 1 | ||
| 999 | |a QH470 E8LIM |w LC |c 1 |i A506477692 |l STACKS |m P01UTAMA |r Y |s Y |t TESIS |u 30/1/1997 | ||
